000 00241nam a2200097Ia 4500
008 231212s1999 xx 000 0 und d
041 _aeng
100 _aGrob
245 _aBasic Television & Video Systems
260 _aNew Delhi
_bPrentic
_c1999
999 _c966393
_d966393